000 00937caa a2200241 ib4500
003 SA-RiAUC
005 20260306134455.0
008 260301s1979 ua g 000f0 ara c
040 _aSA-JeALM
_bara
_cSA-RiAUC
_erda
082 0 4 _a227.6
090 _a227.6
_bر م ض
100 1 _aرمضاني، عبدالمالك بن أحمد
_eمؤلف.
245 1 0 _aمقاصد سورة البقرة /
_cعبدالمالك بن أحمد رمضاني
250 _aالطبعة الثانية.
264 _aالمدينة المنورة :
_bعبدالمالك بن أحمد رمضاني.
_c2007
300 _a144 صفحة.
_c16 سم.
336 _aنص
_btxt
_2rdacontent
_3كتاب
337 _aبدون وسيط
_bn
_2rdamedia
630 2 7 _aالقرآن.
_pسورة البقرة
_vمقالات ومحاضرات
_xتفاسير حديثة
_2aucut
730 2 _aالقرآن.
942 _2ddc
_cBOOK
_n0
949 _aSA-JeALM
_d260301
_uosman123
_n1
999 _c14500
_d14500